Giáo trình sinh hóa hiện đại
Nội dung sách giới thiệu về cơ sở sinh hóa học, cấu tạo chất và xúc tác sinh học. Năng lượng sinh học và quá trình trao đổi chất, truyền tải thông tin di truyền.
Đã lưu trong:
| 主要作者: | |
|---|---|
| 格式: | 圖書 |
| 語言: | Undetermined |
| 出版: |
Hà Nội
Giáo Dục
1998
|
| 主題: | |
| 標簽: |
添加標簽
沒有標簽, 成為第一個標記此記錄!
|
| Thư viện lưu trữ: | Trung tâm Học liệu Trường Đại học Cần Thơ |
|---|
| LEADER | 00823nam a2200193Ia 4500 | ||
|---|---|---|---|
| 001 | CTU_41496 | ||
| 008 | 210402s9999 xx 000 0 und d | ||
| 082 | |a 572 | ||
| 082 | |b Th116 | ||
| 100 | |a Nguyễn, Tiến Thắng | ||
| 245 | 0 | |a Giáo trình sinh hóa hiện đại | |
| 245 | 0 | |c Nguyễn Tiến Thắng ( chủ biên ), Nguyễn Đình Huyên | |
| 260 | |a Hà Nội | ||
| 260 | |b Giáo Dục | ||
| 260 | |c 1998 | ||
| 520 | |a Nội dung sách giới thiệu về cơ sở sinh hóa học, cấu tạo chất và xúc tác sinh học. Năng lượng sinh học và quá trình trao đổi chất, truyền tải thông tin di truyền. | ||
| 650 | |a Biochemistry | ||
| 904 | |i Qhieu (sửa) | ||
| 980 | |a Trung tâm Học liệu Trường Đại học Cần Thơ | ||